000 00307nam a2200145Ia 4500
008 150301s2015 xx 000 0 und d
082 _a574
_bM02T
100 _aP.C TURNER
245 _aMOLECULAR BIOLOGY
250 _aIST
260 _bVINA BOOK
300 _a346
650 _aBIOLOGY
942 _2ddc
_cBK
999 _c7061
_d7061